[Event "zonal 1.4a"]
[Site "Budapest HUN"]
[Date "1993.??.??"]
[Round "11"]
[White "Rasik, Vitezslav"]
[Black "Suba, Mihai"]
[Result "1-0"]
[WhiteElo "2405"]
[BlackElo "2520"]
[EventDate "1993.03.??"]
[PlyCount "119"]

1.e4 c5 2.Nf3 e6 3.d4 cxd4 4.Nxd4 Nf6 5.Nc3 d6 6.g4 h6 7.h4 a6 8.Rg1 h5 9.
gxh5 Nxh5 10.Bg5 Qb6 11.Nb3 Qc7 12.Qd2 b5 13.O-O-O Nd7 14.Qe2 Nhf6 15.Rg3 
b4 16.Nd5 exd5 17.exd5+ Be7 18.Re1 Nb6 19.Bxf6 gxf6 20.Nd4 Nxd5 21.Bg2 Nf4
22.Bc6+ Kf8 23.Qf3 Ra7 24.Qxf4 d5 25.Qf3 Qd6 26.Qxd5 Rd7 27.Nf5 Qxd5 28.
Bxd5 Rxd5 29.Nxe7 Rc5 30.Rd3 Bf5 31.Rd8+ Kg7 32.Rg1+ Kh7 33.Rd5 Rxd5 34.
Nxd5 Rc8 35.Nxf6+ Kh6 36.Ng4+ Kh5 37.Ne3 Be6 38.Rd1 Bxa2 39.Rd6 a5 40.Kd2 
Be6 41.Rd4 Rc5 42.Ng2 Bf5 43.Nf4+ Kh6 44.c3 bxc3+ 45.bxc3 Bb1 46.Kc1 Ba2 
47.Kb2 Bc4 48.Ka3 f6 49.Nd3 Bxd3 50.Rxd3 Kh5 51.Kb3 Kxh4 52.c4 f5 53.Kc3 
Kg5 54.Kd4 Rc8 55.Ra3 Ra8 56.c5 Kf6 57.c6 Ke6 58.Kc5 f4 59.c7 Kd7 60.Kb6 
1-0

[Event "zonal 1.4a"]
[Site "Budapest HUN"]
[Date "1993.??.??"]
[Round "11"]
[White "Sax, Gyula"]
[Black "Ermenkov, Evgeny"]
[Result "1/2-1/2"]
[WhiteElo "2570"]
[BlackElo "2505"]
[EventDate "1993.03.??"]
[PlyCount "57"]

1.e4 c5 2.Nf3 Nc6 3.d4 cxd4 4.Nxd4 d5 5.Bb5 dxe4 6.Nxc6 Qxd1+ 7.Kxd1 a6 8.
Ba4 Bd7 9.Nc3 Bxc6 10.Bxc6+ bxc6 11.Nxe4 Nf6 12.Nc3 O-O-O+ 13.Ke2 e6 14.
Na4 Be7 15.c4 h5 16.Be3 Ng4 17.Bb6 Rd7 18.Rad1 Rxd1 19.Rxd1 Ne5 20.Bd4 Nd7
21.Rd3 e5 22.Be3 Kc7 23.Bd2 c5 24.Nc3 Kc6 25.Nd5 Bd6 26.Rf3 Rf8 27.Ra3 Ra8
28.Rf3 Rf8 29.Ra3 1/2-1/2